The survey of London (Record no. 104047)

MARC details
000 -LEADER
fixed length control field 01156cam a2200205 4500
001 - CONTROL NUMBER
control field J128959
008 - FIXED-LENGTH DATA ELEMENTS--GENERAL INFORMATION
fixed length control field 050307n1900 000 0 eng u
035 ## - SYSTEM CONTROL NUMBER
System control number (Sirsi) u128959
041 ## - LANGUAGE CODE
Language code of text/sound track or separate title eng
050 ## - LIBRARY OF CONGRESS CALL NUMBER
Classification number 720
-- 18
245 #4 - TITLE STATEMENT
Title The survey of London
Remainder of title being the first volume of the register of the Committee for the Survey of the Memorials of Greater London containing the parish of Bromley-by-Bow
260 ## - PUBLICATION, DISTRIBUTION, ETC.
Place of publication, distribution, etc. London
Name of publisher, distributor, etc. P. S. King and Son
Date of publication, distribution, etc. 1900
300 ## - PHYSICAL DESCRIPTION
Extent xxxv, 53p.
Other physical details ill.
Dimensions 30cm.
490 ## - SERIES STATEMENT
Series statement Survey of London Main Series
Volume/sequential designation 1
520 ## - SUMMARY, ETC.
Summary, etc. This volume of the "Survey of London", English Heritage's detailed architectural and topographical study, describes buildings in Bromley-by-Bow (including many which have been demolished or rebuilt), explaining how they came into being and outlining their significance and historical associations. This earlier volume is highly selective and includes few buildings erected after 1800. Includes photographs and maps together with plans, sections and elevations of selected buildings.
590 ## - LOCAL NOTE (RLIN)
Local note SOL
690 ## - LOCAL SUBJECT ADDED ENTRY--TOPICAL TERM (OCLC, RLIN)
Topical term or geographic name as entry element BUILT ENVIRONMENT-CONSTRUCTION DESIGN
700 ## - ADDED ENTRY--PERSONAL NAME
Personal name Ashbee, C. R.
International Standard Serial Number Editor
942 ## - ADDED ENTRY ELEMENTS (KOHA)
Suppress in OPAC 0
Holdings
Withdrawn status Lost status Source of classification or shelving scheme Damaged status Not for loan Home library Current library Shelving location Date acquired Total Checkouts Full call number Barcode Date last seen Copy number Price effective from Koha item type
    Dewey Decimal Classification     London London Enquiry desk 07/03/2005   SHELF 135 30062537 06/08/2019 1 06/08/2019 Reference material